[Event "Paris-ch"]
[Site "Paris"]
[Date "2025.07.14"]
[Round "4"]
[White "Navalgund, Niranjan"]
[Black "Chan, Kim Yew"]
[Result "0-1"]
[WhiteElo "2223"]
[BlackElo "2340"]
[PlyCount "98"]
[EventDate "2025.07.12"]
[EventType "swiss"]
[EventRounds "9"]
[EventCountry "FRA"]
[SourceTitle "CB30_2025"]
[SourceDate "2025.07.23"]
[SourceVersion "1"]
[SourceVersionDate "2025.07.23"]
[SourceQuality "1"]

1. d4 Nf6 2. c4 e6 3. g3 d5 4. Bg2 Bb4+ 5. Bd2 Be7 6. Nf3 0-0 7. 0-0 c6 8. b3 b6 9. Bc3 a5 10. Nbd2 Nbd7 11. Qc2 Bb7 12. e4 c5 13. e5 Ne8 14. Rad1 Nc7 15. Rfe1 b5 16. dxc5 Nxc5 17. h4 h6 18. Nd4 Qe8 19. cxb5 Nxb5 20. Nxb5 Qxb5 21. Bf1 Qb6 22. Bd4 Rfc8 23. Re3 Qb4 24. Qb2 Ba6 25. a3 Qb7 26. Rc3 Bxf1 27. Rxf1 Bf8 28. Rb1 Qa6 29. Qc2 Nd7 30. Qb2 Rxc3 31. Bxc3 Qd3 32. b4 Rc8 33. Rc1 d4 34. Bxd4 Rxc1+ 35. Qxc1 Qxd4 36. Nb3 Qd5 37. Nxa5 Nxe5 38. Qc3 Nf3+ 39. Kf1 e5 40. Ke2 Nd4+ 41. Kd2 Qa2+ 42. Kd1 Qe2+ 43. Kc1 Qxf2 44. Kb1 e4 45. Nc4 Qf1+ 46. Kb2 Qe2+ 47. Kb1 Nb5 48. Qb3 Qxc4 49. Qxc4 Nxa3+ 0-1

[Event "Paris-ch"]
[Site "Paris"]
[Date "2025.07.13"]
[Round "3"]
[White "Lohia, Sohum"]
[Black "Navalgund, Niranjan"]
[Result "1/2-1/2"]
[WhiteElo "2382"]
[BlackElo "2223"]
[PlyCount "50"]
[EventDate "2025.07.12"]
[EventType "swiss"]
[EventRounds "9"]
[EventCountry "FRA"]
[SourceTitle "CB30_2025"]
[SourceDate "2025.07.23"]
[SourceVersion "1"]
[SourceVersionDate "2025.07.23"]
[SourceQuality "1"]

1. e4 e5 2. Nf3 Nc6 3. Bb5 a6 4. Ba4 d6 5. 0-0 Bd7 6. c4 g6 7. d4 Bg7 8. Bxc6 Bxc6 9. Nc3 h6 10. Be3 Nf6 11. dxe5 Nxe4 12. Nxe4 Bxe4 13. exd6 0-0 14. Bd4 Bxf3 15. gxf3 Qxd6 16. Bxg7 Qxd1 17. Raxd1 Kxg7 18. Rd7 Rac8 19. Rfd1 Rfe8 20. R1d4 Kf8 21. Kf1 Re7 22. Rd8+ Rxd8 23. Rxd8+ Re8 24. Rd7 Re7 25. Rd8+ Re8 1/2-1/2

[Event "Paris-ch"]
[Site "Paris"]
[Date "2025.07.13"]
[Round "2"]
[White "Navalgund, Niranjan"]
[Black "Chabanon, Jean Luc"]
[Result "1/2-1/2"]
[WhiteElo "2223"]
[BlackElo "2362"]
[PlyCount "42"]
[EventDate "2025.07.12"]
[EventType "swiss"]
[EventRounds "9"]
[EventCountry "FRA"]
[SourceTitle "CB30_2025"]
[SourceDate "2025.07.23"]
[SourceVersion "1"]
[SourceVersionDate "2025.07.23"]
[SourceQuality "1"]

1. d4 Nf6 2. c4 e6 3. g3 d5 4. Bg2 dxc4 5. Nf3 Nc6 6. 0-0 Rb8 7. e3 Be7 8. Qe2 b5 9. b3 0-0 10. bxc4 bxc4 11. Qxc4 Nb4 12. Rd1 Ba6 13. Qb3 Be2 14. Rd2 Nd3 15. Qc2 Bxf3 16. Qxd3 Bxg2 17. Kxg2 c5 18. dxc5 Qxd3 19. Rxd3 Rfc8 20. Nd2 Bxc5 21. Nb3 Bb6 1/2-1/2

[Event "Titled Tuesday intern op 01st Apr Early"]
[Site "Chess.com INT"]
[Date "2025.04.01"]
[Round "7"]
[White "Burmakin, Vladimir"]
[Black "Navalgund, Niranjan"]
[Result "1-0"]
[WhiteElo "2435"]
[BlackElo "2239"]
[PlyCount "135"]
[EventDate "2025.04.01"]
[EventType "swiss (blitz)"]
[EventRounds "11"]
[EventCountry "USA"]
[SourceTitle "CB15_2025"]
[SourceDate "2025.04.09"]
[SourceVersion "1"]
[SourceVersionDate "2025.04.09"]
[SourceQuality "1"]

1. c4 e5 2. g3 Nc6 3. Bg2 h5 4. h4 Bc5 5. Nc3 a6 6. d3 d6 7. Nf3 Bg4 8. Rb1 Nge7 9. a3 a5 10. Bd2 Nf5 11. Ne4 Ba7 12. b4 axb4 13. axb4 Nfd4 14. b5 Bxf3 15. exf3 Ne7 16. 0-0 Qd7 17. Kh2 Bb6 18. Bh3 Qd8 19. f4 exf4 20. Bxf4 Ng6 21. Bg5 f6 22. Be3 Ne5 23. Bxd4 Bxd4 24. Qe2 Qe7 25. Rfe1 Ra3 26. Rbd1 0-0 27. f4 Ng4+ 28. Bxg4 hxg4 29. f5 Rfa8 30. Qxg4 Ra2+ 31. Kh3 Qf7 32. Re2 Rxe2 33. Qxe2 d5 34. cxd5 Qxd5 35. Qg4 Qxb5 36. h5 Qd7 37. Re1 Ra5 38. Rb1 Qxf5 39. Qxf5 Rxf5 40. Rxb7 Rxh5+ 41. Kg2 c5 42. Rc7 Rd5 43. Kf3 Kh7 44. g4 Kg6 45. Ng3 Re5 46. Nf5 Rxf5+ 47. gxf5+ Kxf5 48. Rxg7 Ke5 49. Re7+ Kf5 50. Re8 Kg5 51. Ke4 f5+ 52. Kf3 Kf6 53. Kf4 Kg6 54. Re6+ Bf6 55. Rc6 Kf7 56. Kxf5 Bd4 57. Rc7+ Ke8 58. Ke6 Kd8 59. Rc6 Bf2 60. Kd5 Kd7 61. Rxc5 Be3 62. Rc4 Kd8 63. Rg4 Ke7 64. Rg7+ Kf6 65. Rb7 Bf2 66. d4 Bg3 67. Rb3 Ke7 68. Rxg3 1-0

[Event "Titled Tuesday intern op 01st Apr Early"]
[Site "Chess.com INT"]
[Date "2025.04.01"]
[Round "8"]
[White "De Boer, Eelke"]
[Black "Navalgund, Niranjan"]
[Result "0-1"]
[WhiteElo "2412"]
[BlackElo "2239"]
[PlyCount "110"]
[EventDate "2025.04.01"]
[EventType "swiss (blitz)"]
[EventRounds "11"]
[EventCountry "USA"]
[SourceTitle "CB15_2025"]
[SourceDate "2025.04.09"]
[SourceVersion "1"]
[SourceVersionDate "2025.04.09"]
[SourceQuality "1"]

1. e4 e5 2. Nf3 Nc6 3. Bb5 a6 4. Ba4 Nf6 5. 0-0 Be7 6. d3 b5 7. Bb3 d6 8. a3 0-0 9. Nc3 Nb8 10. h3 Nbd7 11. Nd5 Nxd5 12. Bxd5 Rb8 13. a4 Nb6 14. Bb3 Be6 15. Bxe6 fxe6 16. axb5 axb5 17. c3 Qd7 18. Be3 Qc6 19. Qb3 Qd7 20. Ra7 Nc8 21. Ra6 Kh8 22. d4 exd4 23. cxd4 Rb6 24. Ra8 Qc6 25. Rxc8 Rxc8 26. Qxe6 Qe8 27. d5 Ra6 28. Bd4 Bf8 29. Qf5 Rca8 30. Ng5 Qg6 31. Qxg6 hxg6 32. Ne6 Ra1 33. Nxc7 Rxf1+ 34. Kxf1 Ra4 35. Ne6 Kg8 36. Ke2 Kf7 37. Kd3 Be7 38. f4 Bf6 39. e5 Be7 40. Nc7 b4 41. Nb5 Ra5 42. Kc4 Ra6 43. e6+ Kf8 44. Kxb4 Ra1 45. Nc3 Rf1 46. g3 Rf3 47. Ne2 Rd3 48. Kc4 Rd2 49. Nc1 Rc2+ 50. Kd3 Rxc1 51. b4 Rb1 52. Kc4 Bf6 53. Bxf6 gxf6 54. Kb5 Ke7 55. g4 Rf1 0-1

[Event "Titled Tuesday intern op 01st Apr Early"]
[Site "Chess.com INT"]
[Date "2025.04.01"]
[Round "6"]
[White "Navalgund, Niranjan"]
[Black "Cunha, Lucas Aguiar"]
[Result "1-0"]
[WhiteElo "2239"]
[BlackElo "2231"]
[PlyCount "103"]
[EventDate "2025.04.01"]
[EventType "swiss (blitz)"]
[EventRounds "11"]
[EventCountry "USA"]
[SourceTitle "CB15_2025"]
[SourceDate "2025.04.09"]
[SourceVersion "1"]
[SourceVersionDate "2025.04.09"]
[SourceQuality "1"]

1. d4 Nf6 2. c4 e6 3. g3 d5 4. Bg2 dxc4 5. Nf3 c5 6. 0-0 Nc6 7. dxc5 Qxd1 8. Rxd1 Bxc5 9. Nbd2 c3 10. bxc3 0-0 11. Nb3 Be7 12. Nfd4 Nxd4 13. cxd4 Rd8 14. Na5 Nd5 15. Bd2 Rb8 16. Rab1 Bd6 17. e4 Ne7 18. Rdc1 b6 19. Nc4 Ng6 20. Nxd6 Rxd6 21. Rb4 Bb7 22. Be3 Rd7 23. Rbc4 Kf8 24. Rc7 Ke8 25. h4 Kd8 26. Rxd7+ Kxd7 27. h5 Ne7 28. h6 g6 29. Bg5 Rc8 30. Rd1 Rc2 31. Rd2 Rxd2 32. Bxd2 Nc6 33. Be3 f5 34. exf5 exf5 35. Bd5 Ba6 36. Bg8 Ne7 37. Bxh7 Bc4 38. a3 Bf7 39. Bg5 Nc6 40. Bf6 Ke6 41. Bg7 Kd5 42. Kg2 Nxd4 43. Kh3 Nc2 44. a4 Ne1 45. g4 Nf3 46. gxf5 gxf5 47. Bxf5 Ng5+ 48. Kg4 Ne6 49. h7 Nxg7 50. h8Q Nxf5 51. Kxf5 Kc5 52. Qf8+ 1-0

[Event "Titled Tuesday intern op 01st Apr Early"]
[Site "Chess.com INT"]
[Date "2025.04.01"]
[Round "10"]
[White "Navalgund, Niranjan"]
[Black "Mekhitarian, Krikor Sevag"]
[Result "0-1"]
[WhiteElo "2239"]
[BlackElo "2564"]
[PlyCount "142"]
[EventDate "2025.04.01"]
[EventType "swiss (blitz)"]
[EventRounds "11"]
[EventCountry "USA"]
[SourceTitle "CB15_2025"]
[SourceDate "2025.04.09"]
[SourceVersion "1"]
[SourceVersionDate "2025.04.09"]
[SourceQuality "1"]

1. d4 Nf6 2. Nf3 d5 3. c4 g6 4. Nc3 Bg7 5. e3 0-0 6. Bd2 c5 7. dxc5 Na6 8. cxd5 Nxc5 9. Bc4 Bf5 10. 0-0 Rc8 11. Nd4 Bg4 12. f3 Bd7 13. Be2 Be8 14. b4 Na6 15. Qb3 Nc7 16. Bc4 Nd7 17. Rad1 Nb6 18. Be2 Ncxd5 19. Nxd5 Qxd5 20. Qxd5 Nxd5 21. Rc1 Bd7 22. Bc4 Nb6 23. Bb3 e5 24. Ne2 Bb5 25. Kf2 Nc4 26. Bc3 Bh6 27. f4 exf4 28. exf4 Nd6 29. Be5 Ne4+ 30. Ke3 Rfe8 31. Rxc8 Rxc8 32. Kxe4 Bxe2 33. Rf2 Bb5 34. f5 Be8 35. fxg6 hxg6 36. Bf4 Bf8 37. Rd2 Bxb4 38. Rd4 Bc5 39. Rd1 b5 40. Bd5 a5 41. Rc1 Bd7 42. Kf3 Ba3 43. Re1 a4 44. h4 Kg7 45. h5 gxh5 46. Rh1 Bg4+ 47. Kg3 Rd8 48. Be4 Bd6 49. Bxd6 Rxd6 50. Rb1 Rd4 51. Bc6 Be2 52. Kf2 Rd2 53. Ke3 Rxa2 54. Bxb5 Bxb5 55. Rxb5 Rxg2 56. Rxh5 a3 57. Ra5 a2 58. Kf4 Kg6 59. Ra6+ f6 60. Ra5 Rf2+ 61. Kg4 Rb2 62. Ra6 Kf7 63. Kf5 Rf2+ 64. Kg4 Ke7 65. Kg3 Rb2 66. Kf4 Kd7 67. Kf5 Rf2+ 68. Ke4 Kc7 69. Ke3 Rb2 70. Kf4 Kb7 71. Ra8 Kxa8 0-1

[Event "Titled Tuesday intern op 25th Feb Early"]
[Site "Chess.com INT"]
[Date "2025.02.25"]
[Round "1"]
[White "Navalgund, Niranjan"]
[Black "Eljanov, Pavel"]
[Result "0-1"]
[WhiteElo "2239"]
[BlackElo "2658"]
[PlyCount "144"]
[EventDate "2025.02.25"]
[EventType "swiss (blitz)"]
[EventRounds "11"]
[EventCountry "USA"]
[SourceTitle "CB10_2025"]
[SourceDate "2025.03.05"]
[SourceVersion "1"]
[SourceVersionDate "2025.03.05"]
[SourceQuality "1"]

1. d4 d5 2. Nf3 e6 3. c4 Nf6 4. g3 Bb4+ 5. Nbd2 0-0 6. Bg2 b6 7. 0-0 Bb7 8. cxd5 exd5 9. Ne5 Re8 10. Ndf3 Bd6 11. Bg5 h6 12. Bf4 c5 13. Rc1 Na6 14. Qa4 Nc7 15. dxc5 bxc5 16. Nd3 Ne6 17. Be5 c4 18. Bxd6 Qxd6 19. Qb4 Qb6 20. Qxb6 axb6 21. Nb4 b5 22. Rfd1 Rad8 23. e3 Nc7 24. Nd4 Ne4 25. h4 Rd6 26. Rc2 h5 27. Ne2 Nf6 28. Nf4 Red8 29. Rcd2 g6 30. e4 Re8 31. exd5 Kf8 32. a3 Ne4 33. Re2 Nc5 34. Rxe8+ Nxe8 35. Re1 Nf6 36. Re5 Ncd7 37. Re2 Nb6 38. Rd2 Nfd7 39. Ne2 Nf6 40. Nc3 Rd7 41. Nxb5 Nbxd5 42. Nxd5 Bxd5 43. Nc3 Bxg2 44. Rxd7 Nxd7 45. Kxg2 Nc5 46. Kf3 Ke7 47. Ke3 Ke6 48. Kd4 Nd3 49. Nd1 Ne5 50. f4 Nf3+ 51. Kxc4 Nd2+ 52. Kd4 Nf1 53. a4 Nxg3 54. Ne3 f6 55. a5 Kd6 56. b4 Ne2+ 57. Kc4 Nxf4 58. b5 g5 59. a6 Kc7 60. hxg5 fxg5 61. Kc5 Ne6+ 62. Kd5 Nf4+ 63. Ke4 h4 64. Nc4 h3 65. b6+ Kb8 66. a7+ Ka8 67. Nd6 h2 68. Nb5 h1Q+ 69. Ke5 Qd5+ 70. Kf6 Qxb5 71. Ke7 Qxb6 72. Kd7 Kxa7 0-1

[Event "Titled Tuesday intern op 04th Feb Early"]
[Site "Chess.com INT"]
[Date "2025.02.04"]
[Round "1"]
[White "Navalgund, Niranjan"]
[Black "Bachmann, Axel"]
[Result "0-1"]
[WhiteElo "2239"]
[BlackElo "2570"]
[PlyCount "79"]
[EventDate "2025.02.04"]
[EventType "swiss (blitz)"]
[EventRounds "11"]
[EventCountry "USA"]
[SourceTitle "CB07_2025"]
[SourceDate "2025.02.12"]
[SourceVersion "1"]
[SourceVersionDate "2025.02.12"]
[SourceQuality "1"]

1. d4 Nf6 2. c4 e6 3. g3 c5 4. Nf3 cxd4 5. Bg2 Bb4+ 6. Bd2 Qb6 7. 0-0 Nc6 8. Na3 Bxa3 9. bxa3 d6 10. Rb1 Qc7 11. Bg5 e5 12. e3 dxe3 13. Bxe3 Be6 14. Qa4 0-0 15. Rfd1 Rac8 16. Ng5 Bg4 17. Rd2 Rfd8 18. Rdb2 b6 19. h3 Bf5 20. Rc1 h6 21. Nf3 Be4 22. Rd2 Na5 23. c5 dxc5 24. Rxd8+ Rxd8 25. Qb5 Qc6 26. Qe2 Qd5 27. Kh2 Nc6 28. Ne1 Bxg2 29. Nxg2 Nd4 30. Bxd4 cxd4 31. Rc7 d3 32. Qd2 Ne4 33. Qd1 d2 34. Ne3 Nxf2 35. Nxd5 Nxd1 36. Ne7+ Kh7 37. Nf5 Nf2 38. Ne3 Rd3 39. Rxf7 Rxe3 40. Rd7 0-1

[Event "Titled Tuesday intern op 14th Jan Early"]
[Site "Chess.com INT"]
[Date "2025.01.14"]
[Round "6"]
[White "Arun, Siddharth"]
[Black "Navalgund, Niranjan"]
[Result "0-1"]
[WhiteElo "1993"]
[BlackElo "2292"]
[PlyCount "130"]
[EventDate "2025.01.14"]
[EventType "swiss (blitz)"]
[EventRounds "11"]
[EventCountry "USA"]
[SourceTitle "CB04_2025"]
[SourceDate "2025.01.22"]
[SourceVersion "1"]
[SourceVersionDate "2025.01.22"]
[SourceQuality "1"]

1. d4 d5 2. Nc3 Nf6 3. Bf4 e6 4. Nb5 Na6 5. e3 Bb4+ 6. c3 Be7 7. a4 0-0 8. Nf3 c6 9. Na3 Ne4 10. Bd3 f5 11. h4 Nc7 12. Ne5 Ne8 13. Bxe4 fxe4 14. h5 Bg5 15. Bxg5 Qxg5 16. Qg4 Qxg4 17. Nxg4 Nf6 18. Ne5 Nd7 19. Nxd7 Bxd7 20. Nc2 Rf6 21. Ke2 Raf8 22. Raf1 c5 23. b3 b5 24. a5 b4 25. c4 cxd4 26. exd4 Rc8 27. Ne3 Rcf8 28. f3 exf3+ 29. Rxf3 Rxf3 30. gxf3 Kf7 31. Ng4 Ke7 32. Ne5 Be8 33. h6 g6 34. cxd5 Bb5+ 35. Ke3 exd5 36. Rc1 Kd6 37. f4 Re8 38. Kf3 Rf8 39. Kg4 Be2+ 40. Kg3 Bb5 41. Kg4 Be2+ 42. Kg3 Bb5 43. Rc5 a6 44. Rc2 Ke6 45. Rc7 Rh8 46. Nf7 Re8 47. Ng5+ Kd6 48. Rxh7 Re3+ 49. Kg2 Re2+ 50. Kg3 Re3+ 51. Kh4 Re1 52. Rg7 Rh1+ 53. Nh3 Bd3 54. h7 Bf5 55. Kg5 Rxh3 56. Kf6 Bc2 57. Kf7 Bxb3 58. Kg8 Bc4 59. h8Q Rxh8+ 60. Kxh8 b3 61. Rxg6+ Kc7 62. Rg1 Bd3 63. f5 Bxf5 64. Kg7 b2 65. Kf6 b1Q 0-1

[Event "Titled Tuesday intern op 14th Jan Early"]
[Site "Chess.com INT"]
[Date "2025.01.14"]
[Round "9"]
[White "Kosteniuk, Alexandra"]
[Black "Navalgund, Niranjan"]
[Result "0-1"]
[WhiteElo "2484"]
[BlackElo "2292"]
[PlyCount "66"]
[EventDate "2025.01.14"]
[EventType "swiss (blitz)"]
[EventRounds "11"]
[EventCountry "USA"]
[SourceTitle "CB04_2025"]
[SourceDate "2025.01.22"]
[SourceVersion "1"]
[SourceVersionDate "2025.01.22"]
[SourceQuality "1"]

1. e4 e5 2. Nf3 Nc6 3. d4 exd4 4. Nxd4 Qf6 5. Nf3 Bb4+ 6. c3 Bc5 7. Be2 Nge7 8. a4 a6 9. 0-0 0-0 10. a5 Rd8 11. Bg5 Qg6 12. Nbd2 d5 13. Bd3 dxe4 14. Bxe4 Bf5 15. Qe2 h6 16. Bxf5 Qxf5 17. Be3 Ng6 18. Bxc5 Qxc5 19. Nb3 Qh5 20. Nfd4 Qxe2 21. Nxe2 Rd3 22. Rfd1 Rad8 23. Rxd3 Rxd3 24. Kf1 Rd5 25. Ke1 Kf8 26. f4 Rb5 27. Ra3 Nge7 28. Kd2 Nf5 29. c4 Rb4 30. Kd3 Nd6 31. Nd2 Rxb2 32. Rb3 Ra2 33. Rxb7 Nxb7 0-1

[Event "Titled Tuesday intern op 14th Jan Early"]
[Site "Chess.com INT"]
[Date "2025.01.14"]
[Round "10"]
[White "Medhus, Vitus Bondo"]
[Black "Navalgund, Niranjan"]
[Result "1-0"]
[WhiteElo "2286"]
[BlackElo "2292"]
[PlyCount "93"]
[EventDate "2025.01.14"]
[EventType "swiss (blitz)"]
[EventRounds "11"]
[EventCountry "USA"]
[SourceTitle "CB04_2025"]
[SourceDate "2025.01.22"]
[SourceVersion "1"]
[SourceVersionDate "2025.01.22"]
[SourceQuality "1"]

1. e4 e5 2. Nc3 Nf6 3. Bc4 Nxe4 4. Qh5 Nd6 5. Qxe5+ Qe7 6. Qxe7+ Bxe7 7. Bb3 0-0 8. d4 Nf5 9. d5 Bf6 10. Nge2 Nd4 11. Nxd4 Bxd4 12. 0-0 d6 13. Nb5 Bb6 14. Be3 Bxe3 15. Nxc7 Bb6 16. Nxa8 Ba5 17. c3 Bf5 18. Ba4 Na6 19. b4 Bd8 20. Bb5 Nb8 21. Rfe1 Bf6 22. Re8 Bxc3 23. Rc1 Bxb4 24. Rxf8+ Kxf8 25. Rc7 a6 26. Rxb7 axb5 27. Rxb8+ Ke7 28. Rxb5 Bc5 29. a4 Be4 30. Nb6 Bxb6 31. Rxb6 Bxd5 32. a5 Kd7 33. f3 Kc7 34. Kf2 Bc6 35. g3 f6 36. Ke3 g5 37. f4 gxf4+ 38. Kxf4 d5 39. Ke3 h5 40. Kd4 Kd7 41. Kc5 Ba4 42. Rxf6 Kc7 43. Rf7+ Kb8 44. a6 d4 45. a7+ Ka8 46. Kb6 Be8 47. Rf8 1-0

[Event "Titled Tuesday intern op 14th Jan Early"]
[Site "Chess.com INT"]
[Date "2025.01.14"]
[Round "8"]
[White "Navalgund, Niranjan"]
[Black "Baruch, Liam"]
[Result "1-0"]
[WhiteElo "2292"]
[BlackElo "1951"]
[PlyCount "125"]
[EventDate "2025.01.14"]
[EventType "swiss (blitz)"]
[EventRounds "11"]
[EventCountry "USA"]
[SourceTitle "CB04_2025"]
[SourceDate "2025.01.22"]
[SourceVersion "1"]
[SourceVersionDate "2025.01.22"]
[SourceQuality "1"]

1. d4 Nf6 2. c4 e6 3. g3 d5 4. Bg2 Be7 5. Nf3 0-0 6. 0-0 dxc4 7. Qc2 a6 8. a4 Bd7 9. Qxc4 Bc6 10. Bg5 a5 11. Qc3 Nd5 12. Qd2 Bxg5 13. Nxg5 h6 14. Nf3 Na6 15. Nc3 Nab4 16. Ne5 Nb6 17. Nxc6 Nxc6 18. Bxc6 bxc6 19. Ne4 Qd5 20. Qd3 Rfd8 21. Rfd1 Nc4 22. Nc3 Nxb2 23. Qc2 Qc4 24. Qxb2 Rab8 25. Qd2 Rb3 26. Rac1 e5 27. d5 Qb4 28. e4 Kh7 29. Qc2 Rb2 30. Qd3 Qc5 31. Rd2 Rxd2 32. Qxd2 cxd5 33. exd5 Qd6 34. Qd3+ Kg8 35. Rb1 c6 36. Rd1 Kf8 37. Qc4 Ke7 38. dxc6 Qe6 39. Nd5+ Kf8 40. c7 Rc8 41. Qc5+ Ke8 42. Qb5+ Kf8 43. Qxa5 f6 44. Qc5+ Kf7 45. a5 Ra8 46. Nb6 Qb3 47. Rd7+ Kg6 48. Qd5 Qb1+ 49. Kg2 Rxa5 50. Qf7+ Kf5 51. Qh5+ g5 52. Qf3+ Kg6 53. Nd5 Rxd5 54. Rxd5 Qb7 55. Rxe5 Qxc7 56. Re6 Qf7 57. Qe4+ Kg7 58. Qf5 Qb7+ 59. Kh3 Qf7 60. g4 Qb7 61. Qxf6+ Kg8 62. Re8+ Kh7 63. Rh8# 1-0

[Event "Titled Tuesday intern op 14th Jan Early"]
[Site "Chess.com INT"]
[Date "2025.01.14"]
[Round "11"]
[White "Navalgund, Niranjan"]
[Black "Korchmar, Vasiliy"]
[Result "0-1"]
[WhiteElo "2292"]
[BlackElo "2429"]
[PlyCount "78"]
[EventDate "2025.01.14"]
[EventType "swiss (blitz)"]
[EventRounds "11"]
[EventCountry "USA"]
[SourceTitle "CB04_2025"]
[SourceDate "2025.01.22"]
[SourceVersion "1"]
[SourceVersionDate "2025.01.22"]
[SourceQuality "1"]

1. e4 c5 2. Nf3 d6 3. d4 cxd4 4. Nxd4 Nf6 5. Nc3 Nc6 6. Nde2 g6 7. g3 Bg7 8. Bg2 h5 9. h3 Bd7 10. Be3 Qc8 11. Nf4 Ne5 12. Nfd5 Nxd5 13. Nxd5 Be6 14. Bd4 Qd7 15. f4 Bxd5 16. exd5 h4 17. fxe5 dxe5 18. Bf2 hxg3 19. Bxg3 Qb5 20. b3 e4 21. Rc1 Bc3+ 22. Kf2 f5 23. Bf4 Rd8 24. Qe2 Qb6+ 25. Be3 Qf6 26. Qb5+ Kf7 27. Qxb7 f4 28. Bxa7 Bd4+ 29. Kf1 f3 30. Bxd4 Qxd4 31. Re1 Rxd5 32. Rh2 fxg2+ 33. Rxg2 Rf5+ 34. Ke2 Rxh3 35. Qxe4 Qxe4+ 36. Kd1 Rd5+ 37. Rd2 Rxd2+ 38. Kxd2 Rh2+ 39. Kd1 Qxc2# 0-1

[Event "Titled Tuesday intern op 14th Jan Early"]
[Site "Chess.com INT"]
[Date "2025.01.14"]
[Round "2"]
[White "Navalgund, Niranjan"]
[Black "Zeydan, Salih"]
[Result "1-0"]
[WhiteElo "2292"]
[BlackElo "2079"]
[PlyCount "45"]
[EventDate "2025.01.14"]
[EventType "swiss (blitz)"]
[EventRounds "11"]
[EventCountry "USA"]
[SourceTitle "CB04_2025"]
[SourceDate "2025.01.22"]
[SourceVersion "1"]
[SourceVersionDate "2025.01.22"]
[SourceQuality "1"]

1. e4 c5 2. Nf3 d6 3. d4 cxd4 4. Nxd4 Nf6 5. Nc3 a6 6. a3 e5 7. Nf3 Be7 8. Bc4 Qc7 9. Bb3 Nbd7 10. Bg5 h6 11. Bh4 0-0 12. 0-0 Re8 13. h3 b5 14. Re1 Bb7 15. Qe2 Nc5 16. Bxf6 Nxb3 17. Bxe7 Nxa1 18. Bh4 Nxc2 19. Qxc2 d5 20. exd5 Bxd5 21. Qf5 Bb7 22. Rxe5 Rad8 23. Bxd8 1-0

[Event "Titled Tuesday intern op 14th Jan Early"]
[Site "Chess.com INT"]
[Date "2025.01.14"]
[Round "5"]
[White "Navalgund, Niranjan"]
[Black "Zhizmer, Yuri"]
[Result "0-1"]
[WhiteElo "2292"]
[BlackElo "2298"]
[PlyCount "54"]
[EventDate "2025.01.14"]
[EventType "swiss (blitz)"]
[EventRounds "11"]
[EventCountry "USA"]
[SourceTitle "CB04_2025"]
[SourceDate "2025.01.22"]
[SourceVersion "1"]
[SourceVersionDate "2025.01.22"]
[SourceQuality "1"]

1. d4 Nf6 2. c4 e6 3. g3 Bb4+ 4. Nd2 0-0 5. Bg2 c5 6. Ngf3 cxd4 7. Nxd4 Nc6 8. Nxc6 dxc6 9. 0-0 e5 10. Qc2 Qe7 11. b3 Bg4 12. Ne4 Nxe4 13. Bxe4 f5 14. Bg2 e4 15. Bb2 Rad8 16. Rad1 Rxd1 17. Rxd1 Rd8 18. h3 Bh5 19. Rxd8+ Qxd8 20. g4 fxg4 21. Qxe4 gxh3 22. Bxh3 Qg5+ 23. Kf1 h6 24. Be6+ Kh8 25. e3 Bg6 26. Qd4 Bb1 27. Qxa7 Bd3# 0-1

[Event "Titled Tuesday intern op 07th Jan Early"]
[Site "Chess.com INT"]
[Date "2025.01.07"]
[Round "8"]
[White "Csonka, Balazs"]
[Black "Navalgund, Niranjan"]
[Result "1-0"]
[WhiteElo "2476"]
[BlackElo "2292"]
[PlyCount "73"]
[EventDate "2025.01.07"]
[EventType "swiss (blitz)"]
[EventRounds "11"]
[EventCountry "USA"]
[SourceTitle "CB03_2025"]
[SourceDate "2025.01.15"]
[SourceVersion "1"]
[SourceVersionDate "2025.01.15"]
[SourceQuality "1"]

1. e4 c5 2. Nf3 Nc6 3. Bb5 g6 4. Bxc6 bxc6 5. 0-0 Bg7 6. Re1 d6 7. c3 Nf6 8. d4 cxd4 9. cxd4 0-0 10. h3 c5 11. dxc5 dxc5 12. Qc2 Bb7 13. Nc3 Rc8 14. Bg5 h6 15. Rad1 Qa5 16. Bxf6 Bxf6 17. e5 Bg7 18. e6 Bxf3 19. gxf3 Qa6 20. Nd5 Qb7 21. exf7+ Rxf7 22. Qxg6 Rc6 23. Nxe7+ Qxe7 24. Qxc6 Qg5+ 25. Kf1 Bd4 26. Re8+ Kg7 27. Qc8 Kh7 28. Rxd4 cxd4 29. Rh8+ Kg6 30. Rg8+ Rg7 31. Qe8+ Kf5 32. Qe4+ Kf6 33. Rf8+ Rf7 34. Qxd4+ Ke7 35. Qd8+ Ke6 36. Qxg5 Rxf8 37. Qxh6+ 1-0

[Event "Titled Tuesday intern op 07th Jan Early"]
[Site "Chess.com INT"]
[Date "2025.01.07"]
[Round "9"]
[White "Navalgund, Niranjan"]
[Black "Ocampos, Ian Guido"]
[Result "0-1"]
[WhiteElo "2292"]
[BlackElo "2251"]
[PlyCount "86"]
[EventDate "2025.01.07"]
[EventType "swiss (blitz)"]
[EventRounds "11"]
[EventCountry "USA"]
[SourceTitle "CB03_2025"]
[SourceDate "2025.01.15"]
[SourceVersion "1"]
[SourceVersionDate "2025.01.15"]
[SourceQuality "1"]

1. e4 c5 2. Nf3 d6 3. d4 cxd4 4. Nxd4 Nf6 5. Nc3 g6 6. h4 Nc6 7. Nxc6 bxc6 8. h5 Nxh5 9. Rxh5 gxh5 10. Qxh5 Bg7 11. Bc4 e6 12. Bd2 d5 13. exd5 cxd5 14. Nxd5 exd5 15. Bxd5 Qe7+ 16. Kf1 Ba6+ 17. Kg1 0-0 18. Re1 Qd6 19. Be4 f5 20. Bxf5 Rxf5 21. Qxf5 Qxd2 22. Qe6+ Kh8 23. Re3 Rf8 24. Rf3 Rxf3 25. gxf3 Qg5+ 26. Kh1 Qc1+ 27. Kg2 Qf1+ 28. Kg3 Qg1+ 29. Kf4 Qh2+ 30. Kg4 Qg2+ 31. Kf4 Qh2+ 32. Kg4 Qh6 33. Qe8+ Bf8 34. Qb8 Qg7+ 35. Kh3 Bf1+ 36. Kh4 Qf6+ 37. Kg4 Kg7 38. Qxa7+ Be7 39. f4 Be2+ 40. Kg3 Qh4+ 41. Kg2 Qg4+ 42. Kh1 Bf3+ 43. Kh2 Qg2# 0-1

[Event "Titled Tuesday intern op 07th Jan Early"]
[Site "Chess.com INT"]
[Date "2025.01.07"]
[Round "2"]
[White "Schnaider, Ilan"]
[Black "Navalgund, Niranjan"]
[Result "1-0"]
[WhiteElo "2392"]
[BlackElo "2292"]
[PlyCount "81"]
[EventDate "2025.01.07"]
[EventType "swiss (blitz)"]
[EventRounds "11"]
[EventCountry "USA"]
[SourceTitle "CB03_2025"]
[SourceDate "2025.01.15"]
[SourceVersion "1"]
[SourceVersionDate "2025.01.15"]
[SourceQuality "1"]

1. Nf3 Nf6 2. c4 e6 3. b3 a5 4. e3 a4 5. Bb2 axb3 6. axb3 Rxa1 7. Bxa1 d5 8. Be2 Be7 9. 0-0 0-0 10. Qc2 b6 11. Nc3 Na6 12. Bb2 Nb4 13. Qb1 Bb7 14. d4 Qa8 15. Rc1 h6 16. cxd5 Nfxd5 17. Nxd5 Nxd5 18. Ne5 c5 19. Bf3 cxd4 20. Bxd4 Rc8 21. Nc4 b5 22. Ne5 Ba3 23. Rxc8+ Qxc8 24. Nd3 Qc7 25. Bxg7 Kxg7 26. Qa1+ Kg8 27. Qxa3 Qc2 28. Ne1 Qb1 29. Kf1 b4 30. Qa7 Bc6 31. Qb8+ Kh7 32. Be2 Nc3 33. Bd3+ Qxd3+ 34. Nxd3 Bb5 35. Qd6 Ne4 36. Qd4 Nd2+ 37. Ke2 Nxb3 38. Qe4+ f5 39. Qxb4 Nc1+ 40. Kd2 Bxd3 41. Kxc1 1-0